000 00996nam a2200289 a 4500
001
003 DO-SdBNP
005 20210903111540.0
008 091016s2004 dr r 000 d spa d
020 _a9993439290
040 _aDO-SdBNP
_bspa
_cBPMSU
082 _aRD862.44
_bM722e 2004
_222
100 1 _aMolinaza, José,
_d1951-
245 1 3 _aEl entremés de Llerena en el teatro hispanoamericano /
_cJosé Molinaza.
260 _aSanto Domingo :
_bLibrería La Trinitaria,
_c2004.
300 _a126 p. ;
_c21 cm.
500 _aIncluye datos biográficos del autor en las solapas
500 _aIncluye referencias bibliográficas y notas al pie de páginas.
504 _aBibliografía : p. 117-124
505 _a
590 _aInventariado, 2021/VM
600 1 4 _aLlerena de Rueda, Cristóbal de,
_d1541?-1626
_xCrítica e interpretación
630 4 _a Entremes de Llerena
650 4 _aTeatro hispanoamericano
_xHistoria y crítica
_3
910 _a VMateo V.
942 _2ddc
_cBK
999 _c12876
_d12876